| 000 | 00660nam a22001937a 4500 | ||
|---|---|---|---|
| 003 | 0 | ||
| 005 | 20240809135417.0 | ||
| 008 | 240809b xxu||||| |||| 00| 0 eng d | ||
| 020 | _a978-1-98468-532-2 | ||
| 050 |
_aRD 81 _b.T57 2024 |
||
| 110 | _a3G E-Learning | ||
| 245 |
_aNurse digest: _b intravenous (iv) therapy technique _c3G E-Learning |
||
| 260 |
_aNew York, New York _b3G E-Learning, LLC _c2024 |
||
| 300 |
_axii, 259 pages : _bcolored illustrations and pictures ; _c23cm. |
||
| 504 | _aIncludes bibliographical references and index. | ||
| 650 | _aIntravenous therapy--Nursing. | ||
| 650 | _aIntravenous therapy technique. | ||
| 942 |
_2lcc _cBK |
||
| 999 |
_c366072 _d366072 |
||